000 00496 a2200109 4500
001 ART_49735
005 20260410161936.0
008 260409a
245 1 0 _aLos recursos del tesoro nacional en la Constitución Argentina. Limitaciones en razón de la unidad nacional. Empréstitos. Crisis del federalismo. Limitaciones globales
100 1 _aReig, Enrique Jorge
773 0 _tAnales de la Academia Nacional de Ciencias Económicas
_g- Vol. XXXVI, (1991) (ene. 1993)
_wREV25596
999 _c29043
_d29043